| 000 | 00986nam a2200301 a 4500 | ||
|---|---|---|---|
| 001 | 000008702 | ||
| 003 | DO-SdBNP | ||
| 005 | 20170926131831.0 | ||
| 007 | 000008702 | ||
| 008 | 090918s2000 dr a 000 p spa d | ||
| 020 | _a9993441007 | ||
| 040 |
_aBPMSU _bspa _cBPMSU |
||
| 082 | 4 |
_aRD861.44 _bH765p |
|
| 245 | 0 | 0 |
_aHomenaje de los poetas dominicanos a la cultura francesa / _cselección y prólogo Mateo Morrison. |
| 260 |
_aSanto Domingo : _bMediabyte, _c2000. |
||
| 300 |
_a95 p. ; _c22 cm. |
||
| 500 | _aIncluye datos biográficos del próloguista en la contracubierta | ||
| 500 | _aIII Feria Internacional del Libro | ||
| 650 | 4 |
_aPOETAS DOMINICANOS _xBIOGRAFÍAS |
|
| 650 | 4 | _aPOESÍA DOMINICANA | |
| 650 | 4 | _aLITERATURA DOMINICANA | |
| 651 | 4 | _aFRANCIA EN LITERATURA | |
| 700 | 1 | 2 |
_aMorrison, Mateo, _e pról. |
| 910 | _aValidado. Control de calidad MFF | ||
| 942 |
_2ddc _cBK |
||
| 945 | _a Inventariado / 2017 VM | ||
| 956 |
_aVMATEO _b10 _c20150724 _lBPMSU _h00151 |
||
| 999 |
_c8013 _d8013 |
||